Science Quiz

Random Science or Math Quiz

Subcategory Multiple Choice: Science Quiz Stats

 Plays Quiz Updated Feb 19, 2017

Support Sporcle.
Go Orange.
Score 0/11 Timer 04:00
3 Plays Today
Question Answer Wrong Answers
Animal
Which of the following great apes (the Hominidae) is NOT native to Africa?
Orangutan
67.5%
Gorilla
9.1%
Chimpanzee
10.3%
Human
8.8%
Chemistry
What is the (approximate) value of lemon juice on the pH scale?
2
66.8%
14
13.4%
7
14.5%
0
3.5%
Computer
How is the decimal 21 represented in binary?
10101
59.4%
11111
7.7%
10011
16.8%
10100
15.6%
Physics
Which part of the electromagnetic spectrum has the shortest wavelength?
Gamma rays
51.1%
X-rays
10.6%
Microwaves
23.2%
Radio waves
10.1%
Plants
Which of these trees is a conifer?
Cedar
48.9%
Poplar
16.7%
Sycamore
18.8%
Maple
7%
Astronomy
Which dwarf planet is closest to the Sun?
Ceres
41.5%
Pluto
44.4%
Eris
9.4%
Makemake
3.5%
Elements
What is the heaviest confirmed noble gas?
Radon
41.1%
Xenon
20.5%
Krypton
21.6%
Argon
14.3%
Anatomy
What is the second longest bone in the human body?
Tibia
36.7%
Femur
15.1%
Fibula
17.1%
Humerus
25.7%
Biology
Which of the following is the highest level taxonomic rank?
Domain
33.2%
Kingdom
47.1%
Phylum
8.2%
Class
5.6%
Math
Which equation is true?
e+1=0
31.2%
e-1=0
25%
eπ+i=0
23.3%
e+π=0
16.6%
Geology
In which layer of Earth is the geomagnetic field generated?
Outer core
24.8%
Inner core
39%
Mantle
22.3%
Crust
7.6%

You're not logged in!

Compare scores with friends on all Sporcle quizzes.
OR
Log In
Forgot?

From the Vault

Star Wars or Marvel Character?

by Yankees2003

Luke! How'd you sneak into the MCU?
Remove Ads.
Support Sporcle.
Get the best of Sporcle when you Go Orange. This ad-free experience offers more features, more stats, and more fun while also helping to support Sporcle. Thank you for becoming a member.

Show Comments

Extras

Top Quizzes Today


Score Distribution

Your Account Isn't Verified!

In order to create a playlist on Sporcle, you need to verify the email address you used during registration. Go to your Sporcle Settings to finish the process.

Report this User

Report this user for behavior that violates our Community Guidelines.

Details: